00886nam a2200217 a 4500001001000000003000900010005001700019007000300036008004100039040002500080082001400105110006700119245017200186260005000358300002100408590002700429910001400456942001400470952016700484999001700651000033041DO-SdBNP20220729094602.0ta110808s1902 dr 000 0 spa d aDO-SdBNPbspacBNPHU axxxxbxxx2 aRepública Dominicana9447bMinisterio de Hacienda y Comercio10aExposición del Ministro de Hacienda y Comercio ; bmensaje del presidente de la República al Congreso Nacional e informes de la Comisión de Hacienda y Comercio./ aSanto Domingo :bLa Cuna de América,c1902. a281 p. ;c23 cm. aInventariado, 2022/ YL aYLockward 2ddccLBS1 00102ddc51708PD-RVaBNPHUbBNPHUcCTd2011-08-08iLF1o p33041-10r2020-06-25w2020-06-25yLBS1zPerteneció a la biblioteca personal de Julio Ortega Frier. c32532d32532